| 000 | 01269nam a22002897a 4500 | ||
|---|---|---|---|
| 005 | 20110509105440.0 | ||
| 008 | 110509t xxu||||| |||| 00| 0 eng d | ||
| 010 | _aENG-102398 | ||
| 020 |
_a9788178312347 _c1400.00 |
||
| 035 | _aEN-85931 | ||
| 037 | _bDBAD/PUB | ||
| 040 |
_adpl _bEng |
||
| 082 | _a327.730597 | ||
| 100 |
_927787 _aNanda, Sarat Kumar |
||
| 245 |
_aWar, negotiation, and peace : _cby Sarat Kumar Nanda. _bUS and Vietnam odyssey : its relevance today / |
||
| 260 |
_aNew Delhi _bManak Publications _c2010 |
||
| 270 |
_aB-7, Saraswati Complex, Subhash Chowk, Laxmi Nagar _bNew Delhi _e110092 _k22453894,22042529 _mmanak_publications@hotmail.com |
||
| 300 |
_axvi,432p. _c23cm (Hb) |
||
| 500 | _aIncludes bibliographical references (p. [393]-420) and index. | ||
| 650 |
_927775 _aDisengagement (Military science) |
||
| 650 |
_927814 _aVietnam War, 1961-1975 _zUnited States. |
||
| 651 |
_927815 _aUnited States _xForeign relations| _zVietnam. |
||
| 651 |
_aVietnam _xForeign relations _927846 _z United States. |
||
| 700 | _927776 | ||
| 942 |
_2ddc _cEN _h327.730597 _mNAN |
||
| 999 |
_c52200 _d52200 |
||